Chansons Rap Français avec les mauvaises paroles #2 - Statistiques

Statistiques générales
  • Ce quiz a été pris 56 fois
  • Le résultat moyen est 2 sur 6
Statistiques - réponses
Hint Réponse % Correct
Je t'apprécie qu'un soupçon, ne vend pas la bécane japonaise En duo sur la mobilette, notre répertoire est pleinOn a la même mère, ne me fait pas l'amour Si j'suis en chien, reste avec moi Un poco
43%
En attendant que je décède Quête, je vais devoir partir En attendant que je décède Elle désirerait connaître la façon dont je fais des sous Die
41%
Etrange, tout est bizarre ici pour la personne qui est étrangeAlors les autres veulent faire en sorte que tu changes Cependant certains le vive mal Et sortent le pistolet étrange Spécial
39%
J'suis dans la Renault, j'rédige mon paragraphe en bas des blocs L'inhalation d'herbes de provence, mélée à la senteur très chèreJ'suis dans la Renault, j'rédige mon paragraphe en bas des blocs L'inhalation d'herbes de provence, mélée à la senteur très chère Parfum quartier
32%
A l'intérieur du cabinet, aucune erreur fatale est commise L'organe de l'amour en acier comme un méchant à lunettes noires Je les aperçois très lointain comme une tour de prison Laboratoire
18%
Parfois il m'arrive de m'exploser le crâne La fumette me provoque des migraines Saperlipopette Et je convoite tant de femmes Zola
14%
Aucun quiz correspondant
Distribution des résultats
% des personnes avec chaque résultat
Percentile par nombre de réponses
Votre historique - résultats
Vous n’avez pas pris ce quiz